[Event "AUTO-OPEN-1704"]
[Site "http://www.queenalice.com/game.php?id=730197"]
[Date "2010.2.11"]
[Round "2"]
[White "Mirok"]
[Black "MMANZAN"]
[Result "1-0"]
[WhiteElo "2418"]
[BlackElo "2145"]

1. e4 c5 2. Nf3 d6 3. d4 cxd4 4. Nxd4 Nf6 5. Nc3 Nc6 6. Bb5 Bd7 7. Bg5 Nxd4 8.
Bxd7+ Nxd7 9. Qxd4 e5 10. Qd2 Be7 11. Bxe7 Kxe7 12. O-O-O Nf6 13. f4 Qb8 14. Nb5
Ne8 15. fxe5 dxe5 16. Qd7+ Kf8 17. Rhf1 Nf6 18. Rxf6 gxf6 19. Nd6 Qe8 20. Nxe8
Rxe8 21. Qd6+ Kg7 22. Rd3 Re6 23. Rg3+ Kh6 24. Qd2+ Kh5 25. Rh3+ Kg4 26. Qe3 a5
27. Qg3# 1-0

[Event "AUTO-OPEN-1704"]
[Site "http://www.queenalice.com/game.php?id=730198"]
[Date "2010.2.11"]
[Round "2"]
[White "MMANZAN"]
[Black "Mirok"]
[Result "0-1"]
[WhiteElo "2153"]
[BlackElo "2451"]

1. e3 Nf6 2. Nf3 d5 3. Be2 e6 4. Nc3 c5 5. d4 Be7 6. Bb5+ Bd7 7. O-O Bxb5 8.
Nxb5 O-O 9. dxc5 Na6 10. c6 bxc6 11. Nbd4 Qc7 12. Bd2 Rab8 13. Qe2 Nc5 14. Ba5
Qxa5 15. Nxc6 Qc7 16. Nxb8 Rxb8 17. b3 Nce4 18. c4 dxc4 19. bxc4 Bb4 20. Nd4 Nc3
21. Qd3 Ng4 22. f4 e5 23. a3 Ba5 24. fxe5 Nxe5 25. Qf5 Nxc4 26. Qd3 Rb2 27. Rf2
Rxf2 28. Kxf2 Ne5 29. Qf5 g6 30. Qh3 Ne4+ 31. Kg1 Bd2 32. Rd1 Qc3 33. Kf1 Qd3+
34. Ne2 Nc4 35. Qf3 Nc3 36. Ra1 Bxe3 37. Ke1 Ne5 38. Qa8+ Kg7 39. Qh8+ Kxh8 40.
Ng3 Qd2+ 0-1

[Event "AUTO-INT-1474"]
[Site "http://www.queenalice.com/game.php?id=743124"]
[Date "2010.3.8"]
[Round "2"]
[White "Prosperidade"]
[Black "MMANZAN"]
[Result "0-1"]
[WhiteElo "1961"]
[BlackElo "2157"]

1. d4 g6 2. c4 Bg7 3. Nf3 d6 4. Nc3 Nf6 5. e4 O-O 6. Bd3 Bg4 7. Be2 Nbd7 8. O-O
c5 9. d5 Qb6 10. h3 Bxf3 11. Bxf3 Ne5 12. Be2 Kh8 13. Qc2 Rg8 0-1

[Event "AUTO-INT-1474"]
[Site "http://www.queenalice.com/game.php?id=743125"]
[Date "2010.3.8"]
[Round "2"]
[White "MMANZAN"]
[Black "Prosperidade"]
[Result "1-0"]
[WhiteElo "2163"]
[BlackElo "1953"]

1. e3 e5 2. Nc3 d5 3. Nge2 Nf6 4. f4 exf4 5. Nxf4 Be7 6. Bb5+ c6 7. Be2 O-O 8.
d4 Nbd7 9. O-O Bd6 10. Qd3 Re8 11. Bd2 Nb6 12. h3 Nc4 13. Ncxd5 cxd5 14. Nxd5
1-0

[Event "AUTO-INT-1474"]
[Site "http://www.queenalice.com/game.php?id=743130"]
[Date "2010.3.8"]
[Round "2"]
[White "MMANZAN"]
[Black "MarTraM"]
[Result "0-1"]
[WhiteElo "2121"]
[BlackElo "2088"]

1. e3 e5 2. Nc3 Nf6 3. Be2 Bb4 4. Nf3 Nc6 5. O-O O-O 6. Ng5 d5 7. Bh5 Bxc3 8.
Bxf7+ Rxf7 9. Nxf7 Kxf7 10. dxc3 Be6 11. Bd2 a6 12. Qf3 e4 13. Qf4 Ne7 14. Qg3
Ng6 15. f3 Kg8 16. f4 Qd7 17. a4 c5 18. Qg5 Bf7 19. f5 h6 20. Qg3 Ne7 21. Qe5
Re8 22. a5 Ng6 23. Qg3 Ne5 24. Qf2 Rf8 25. h3 Qc7 26. Kh1 Be8 27. b3 Bd7 28. Qf4
Bb5 29. Rfe1 Nh5 30. Qh2 Rxf5 31. g4 Rf7 32. gxh5 Nf3 33. Qxc7 Rxc7 34. Red1 Be2
35. Be1 Bxd1 36. Rxd1 Rd7 37. Bg3 Kf7 38. Bb8 Ke6 39. Ba7 c4 40. bxc4 dxc4 41.
Rxd7 Kxd7 42. Bd4 Ne1 43. Bxg7 Ke7 44. Bxh6 Nxc2 45. Bf4 Kf6 46. h4 Kg7 47. Kh2
Ne1 48. h6+ Kh7 49. Kg3 Nd3 50. Bg5 Nc5 51. Kf4 Kg6 0-1

[Event "AUTO-INT-1474"]
[Site "http://www.queenalice.com/game.php?id=743131"]
[Date "2010.3.8"]
[Round "2"]
[White "MarTraM"]
[Black "MMANZAN"]
[Result "0-1"]
[WhiteElo "1983"]
[BlackElo "2156"]

1. d4 g6 2. c4 Bg7 3. e4 d6 4. Nc3 Nf6 5. Nf3 Bg4 6. Be2 O-O 7. O-O Nc6 8. h3
Bxf3 9. Bxf3 e5 10. d5 Nd4 11. Qd3 c6 12. Be3 Nxf3+ 13. gxf3 cxd5 14. cxd5 Nh5
15. Ne2 Qf6 16. Bd2 Rac8 17. Qe3 b6 18. Ng3 Nf4 19. Rfc1 Nxh3+ 20. Kg2 Nf4+ 21.
Kf1 h5 22. Ne2 Nxe2 23. Kxe2 h4 24. Rh1 Rc2 25. b3 Rfc8 26. b4 Rb2 27. Rhb1 Rxb1
28. Rxb1 h3 29. f4 Qh4 30. Rh1 h2 31. Qg3 Qxg3 32. fxg3 Rc2 33. Rxh2 Rxa2 34.
Rh3 a5 35. bxa5 bxa5 36. f5 gxf5 37. exf5 Bf6 38. g4 Bg5 39. Rd3 e4 40. Rd4 e3
0-1

[Event "AUTO-OPEN-1727"]
[Site "http://www.queenalice.com/game.php?id=790670"]
[Date "2010.6.16"]
[Round "2"]
[White "MMANZAN"]
[Black "luciopac"]
[Result "0-1"]
[WhiteElo "2165"]
[BlackElo "2154"]

1. Nc3 d5 2. d4 Nf6 3. Bf4 c6 4. Qd3 g6 5. O-O-O Bf5 6. Qg3 Nh5 7. Qf3 Nxf4 8.
Qxf4 Nd7 9. Nf3 Bg7 10. e4 dxe4 11. Nxe4 Qb6 12. Bc4 O-O 13. Ng3 e6 14. Nxf5
exf5 15. Ng5 Nf6 16. Nxf7 Rxf7 17. Bxf7+ Kxf7 18. f3 Nd5 19. Qd2 Re8 20. Qd3 Re3
21. Qc4 Bh6 22. Kb1 Rc3 23. Qa4 Rxf3 24. Ka1 Rf2 25. g3 Ne3 26. Rc1 Nd5 27. Rcd1
Kf6 28. Rdf1 Rxf1+ 29. Rxf1 Be3 30. c3 Qb5 31. Qxb5 cxb5 32. h4 h6 33. a3 a5 34.
Rf3 a4 35. Rf1 g5 36. hxg5+ hxg5 37. Rh1 f4 38. gxf4 gxf4 39. Rh6+ Kg5 40. Rd6
Nf6 41. Re6 Bf2 42. Re5+ Kg4 43. Re6 Bh4 44. Re2 f3 45. Rh2 f2 46. Rh1 Kg3 47.
Ka2 Nd5 48. Rc1 Kg2 49. Rd1 f1=Q 50. Rxf1 Kxf1 51. Kb1 Ke2 0-1

[Event "AUTO-OPEN-1727"]
[Site "http://www.queenalice.com/game.php?id=790671"]
[Date "2010.6.16"]
[Round "2"]
[White "luciopac"]
[Black "MMANZAN"]
[Result "1-0"]
[WhiteElo "2163"]
[BlackElo "2169"]

1. e4 c5 2. Nf3 d6 3. d4 cxd4 4. Nxd4 Nf6 5. Nc3 Nc6 6. Be3 e6 7. Bd3 Nxd4 8.
Bxd4 e5 9. Be3 Be7 10. O-O O-O 11. h3 Be6 12. f4 exf4 13. Rxf4 Qa5 14. Qe2 Qb4
15. e5 Qxb2 16. Rb1 Qxc3 17. Bd4 Qc6 18. exf6 Bxf6 19. Rxf6 gxf6 20. Qh5 Rfc8
21. Qh6 Qxc2 22. Bxc2 Rxc2 23. Bxf6 1-0

[Event "AUTO-INT-1481"]
[Site "http://www.queenalice.com/game.php?id=801180"]
[Date "2010.7.10"]
[Round "2"]
[White "MarTraM"]
[Black "MMANZAN"]
[Result "1-0"]
[WhiteElo "2069"]
[BlackElo "2135"]

1. d4 g6 2. c4 Bg7 3. e4 d6 4. Nc3 Nf6 5. Nf3 O-O 6. Be2 Nc6 7. O-O e5 8. dxe5
Nxe5 9. Nxe5 dxe5 10. Bg5 Qxd1 11. Rfxd1 c6 12. b3 Be6 13. h3 Rfd8 14. Rxd8+
Rxd8 15. Rd1 Rxd1+ 16. Bxd1 b6 17. f3 Kh8 18. Kf2 h6 19. Bh4 g5 20. Bg3 Nh5 21.
Bh2 Nf4 22. Kf1 Bf8 23. Bxf4 gxf4 24. Ke2 Bb4 25. Kd3 f5 26. Bc2 fxe4+ 27. fxe4
f3 28. gxf3 Bxh3 29. Ne2 1-0

[Event "AUTO-INT-1481"]
[Site "http://www.queenalice.com/game.php?id=801181"]
[Date "2010.7.10"]
[Round "2"]
[White "MMANZAN"]
[Black "MarTraM"]
[Result "0-1"]
[WhiteElo "2150"]
[BlackElo "2049"]

1. Nc3 e5 2. d4 exd4 3. Qxd4 Nc6 4. Qd3 Nf6 5. Be3 d5 6. O-O-O Nb4 7. Qd4 c5 8.
Qe5+ Be6 9. a3 Nc6 10. Qg3 Qb8 11. Bf4 Qc8 12. e3 g6 13. Nf3 Bg7 14. Qh4 Bg4 15.
Nxd5 Nxd5 16. Rxd5 Bxf3 17. gxf3 b6 18. Bh3 f5 19. Bxf5 gxf5 20. Qh5+ Ke7 21.
Rxf5 Rf8 22. Rxf8 Qxf8 23. Qxh7 Qf6 24. c3 Rh8 25. Qe4+ Qe6 26. Qxe6+ Kxe6 27.
h3 c4 28. h4 Rh5 0-1

[Event "AUTO-INT-1481"]
[Site "http://www.queenalice.com/game.php?id=801182"]
[Date "2010.7.10"]
[Round "2"]
[White "filatelista"]
[Black "MMANZAN"]
[Result "1-0"]
[WhiteElo "2065"]
[BlackElo "2029"]

1. d4 g6 2. e4 d6 3. Nf3 Bg7 4. Bc4 Nf6 5. Qe2 O-O 6. Bd3 Bg4 7. h3 Bxf3 8. Qxf3
Nbd7 9. c4 c5 10. d5 Ne5 11. Qe2 Qa5+ 12. Bd2 Qb6 13. b3 Nxd5 14. Bc2 Nc6 15.
exd5 Nd4 16. Qd1 Nxc2+ 17. Qxc2 1-0

[Event "AUTO-INT-1481"]
[Site "http://www.queenalice.com/game.php?id=801183"]
[Date "2010.7.10"]
[Round "2"]
[White "MMANZAN"]
[Black "filatelista"]
[Result "0-1"]
[WhiteElo "2045"]
[BlackElo "2049"]

1. d4 d5 2. c4 e6 3. Nc3 Nf6 4. Nf3 Bb4 5. cxd5 exd5 6. Bg5 Nc6 7. Qb3 a5 8.
Bxf6 Qxf6 9. Qxd5 O-O 10. e3 Be6 11. Qb5 Rab8 12. Be2 Bd7 13. Qh5 Bf5 14. O-O
Bxc3 15. bxc3 b5 0-1

[Event "Desafio #01"]
[Site "http://www.queenalice.com/game.php?id=811317"]
[Date "2010.7.31"]
[Round "-"]
[White "Aylton"]
[Black "MMANZAN"]
[Result "1-0"]
[WhiteElo "2054"]
[BlackElo "2014"]

1. d4 g6 2. c4 Bg7 3. Nf3 Nf6 4. Nc3 O-O 5. e3 d6 6. h3 Bf5 7. Bd3 Bxd3 8. Qxd3
Nc6 9. a3 Re8 10. Bd2 e5 11. dxe5 Nxe5 12. Nxe5 dxe5 13. Qxd8 Rexd8 14. O-O-O c5
15. b3 e4 16. Kc2 a5 17. g4 h6 18. Rhg1 Bf8 19. h4 g5 20. h5 Bd6 21. a4 Be5 22.
Rdf1 Ra6 23. f4 gxf4 24. exf4 Bd4 25. Rg3 Kh7 26. Rh1 1-0

[Event "Desafio #02"]
[Site "http://www.queenalice.com/game.php?id=811318"]
[Date "2010.7.31"]
[Round "-"]
[White "MMANZAN"]
[Black "Aylton"]
[Result "0-1"]
[WhiteElo "2108"]
[BlackElo "2101"]

1. Nc3 d5 2. d4 Nf6 3. Bf4 c6 4. Qd3 g6 5. O-O-O a6 6. e4 dxe4 7. Nxe4 Nxe4 8.
Qxe4 Bg7 9. Nf3 O-O 10. Be5 f6 11. Bc4+ Kh8 12. Bg3 b5 13. Be6 f5 14. Qe2 Bxe6
15. Qxe6 Rf6 16. Qe3 Qf8 17. Be5 Rf7 18. Ng5 Bxe5 19. dxe5 e6 20. Rd8 Kg8 21.
Nxf7 Kxf7 22. Rxf8+ Kxf8 0-1

[Event "AUTO-OPEN-1726"]
[Site "http://www.queenalice.com/game.php?id=822373"]
[Date "2010.8.24"]
[Round "2"]
[White "julioisdi"]
[Black "MMANZAN"]
[Result "1-0"]
[WhiteElo "1859"]
[BlackElo "2069"]

1. e4 c5 2. Bc4 Nf6 3. Nc3 Nc6 4. d3 e6 5. Bg5 Be7 6. Nf3 d5 7. Bb5 d4 8. Na4
Qa5+ 9. Nc3 dxc3 10. Bxc6+ bxc6 11. b3 Qc7 12. d4 Nxe4 13. Bxe7 Qxe7 14. Qd3 f5
15. Ne5 1-0

[Event "AUTO-OPEN-1726"]
[Site "http://www.queenalice.com/game.php?id=822374"]
[Date "2010.8.24"]
[Round "2"]
[White "MMANZAN"]
[Black "julioisdi"]
[Result "0-1"]
[WhiteElo "2095"]
[BlackElo "1833"]

1. Nc3 e5 2. Nf3 Nc6 3. e4 Nf6 4. Bc4 Bc5 5. Ng5 Rf8 6. O-O h6 7. Nf3 d6 8. d3
Nd4 9. Be3 Bg4 10. Bxd4 Bxd4 11. h3 Bd7 12. Qd2 a6 13. Nxd4 exd4 14. Nd5 Nxd5
0-1